000 00524nam a2200205 i 4500
001 bg
100 1 _aJAMSA, Kris.
245 0 0 _aJava /
_cKris Jamsa ; przekł. z ang. Sławomir Owsiak.
260 _aWarszawa :
_b"Mikom",
_c1996.
300 _a293 s. ;
_c24 cm.
650 9 _aJava (język programowania)
655 _aPodręczniki
020 _a8371580428
040 _cBPK
041 1 _apl
_ben
080 _a004.438(07)Java
920 _a83-7158-042-8
942 _cKS
008 s pl f |000 0 pol
999 _c39512
_d39512
856 _uhttp://koha.tu.koszalin.pl/cgi-bin/koha/opac-detail.pl?biblionumber=39512
_yKatalog online BPK